02435nam a2200409 a 4500001001200000003000800012006001900020007001500039008004100054010001700095020001500112020001800127020002700145040002100172035002100193050002300214082001500237245010400252260008300356300002300439440006100462504005100523505089500574533015201469650002401621650001401645650002901659650003501688650004001723650002801763655002901791700002601820700001901846710001701865856012601882999001702008ebr10313252CaPaEBRm o u cr cn|||||||||060724s2006 enka sb 001 0 eng d z 2006279560 z1898683441 z9781898683445 z9781898683766 (e-book) aCaPaEBRcCaPaEBR a(OCoLC)84070536414aRG591b.P54 2006eb04a612.6322204aThe placenta and neurodisabilityh[electronic resource] /cedited by Philip Baker and Colin Sibley. aLondon :bMac Keith Press :bDistributed by Cambridge University Press,c2006. axi, 153 p. :bill. 0aClinics in developmental medicine,x0069-4835 ;vno. 169 aIncludes bibliographical references and index.0 aThe placenta and neurological outcome in the child / Karin Nelson -- Deficient trophoblast invasion, placental and fetal compromise / Fiona Lyall -- The materno-fetal inflammatory response / Mark Turner -- Cytokines, growth factors, placental insufficiency and infection / Ian Crocker -- Placental lesions and neurological outcome / Raymond Redline -- Placental pathology, intrauterine growth restriction, and subsequent child development / Paul Eunson -- MDR-1 P-glycoprotein in the placenta: a protective role in neurodevelopment? / Diane Atkinson and Colin Sibley -- In utero imaging of the placenta / Penny Gowland -- Animal models of fetal growth restriction and cerebral compromise / Donald Peebles -- Placental programming leading to mental ill-health: fetal growth and schizophrenia / Kathryn Abel and Matthew Allin -- Conclusions-the placenta and neurodisability / Stephen D'Souza. aElectronic reproduction.bPalo Alto, Calif. :cebrary,d2013.nAvailable via World Wide Web.nAccess may be limited to ebrary affiliated libraries. 0aPlacentaxDiseases. 0aPlacenta. 0aSchizophreniaxEtiology. 0aNervous systemxAbnormalities. 0aNervous systemxDiseasesxEtiology. 0aFetal growth disorders. 7aElectronic books.2local1 aBaker, Philip,d1962-1 aSibley, Colin.2 aebrary, Inc.40uhttp://site.ebrary.com/lib/rucke/Doc?id=10313252zAn electronic book accessible through the World Wide Web; click to view c62805d62805